000 01934nam0a2200397 4500
001 RU\NLR\BIBL_A\022617806
005 20260210144003.0
010 _a978-5-00202-784-2
_9100
021 _aRU
_bКН-П-25-038036
_9КН-П-25-3722
035 _a(NLR Aleph) 022617806
090 _a13551627
_c13551627
100 _a20250909d2025 m y0rusy50 ca
101 1 _arus
_aspa
_cspa
102 _aRU
105 _aa z 000gy
181 0 _ai2
_baxxe
181 0 _ab2
_bab2e
182 0 _an
200 1 _aГара и Юнай
_dGara y Jonay
_eлегенда острова Ла Гомера
_fзаписала и проиллюстрировала - Аире
_zspa
203 _aТекст
_aИзображение
_bвизуальные
_cнепосредственные
210 _aБарнаул
_cНовый формат
_d2025
215 _a61 с.
_cил.
_d15x21
300 _aТекст парал. на рус. и исп. яз.
510 1 _aGara y Jonay
_zspa
606 1 _aЛегенды и предания испанские
_92229047
_3RU\NLR\AUTH\6601570629
686 1 _aШ3(47Ис)-615.20
686 2 _aШ6(2=Р)8-51
686 2 _aШ6(2=Р)87исп.
702 0 _4570
_4440
_7ca
_8rus
_aАире
_cпсевдоним
_92685806
_3RU\NLR\AUTH\770286591
942 _cBOOK
980 _aNB